Canciones de Guns N' Roses - ¡Muerte súbita! - Estadísticas

Estadísticas generales
  • Esta prueba ha sido intentada 66 veces
  • La puntuación promedio es 13 de 20
Answers on the Grid
Answers color-coded by a green-red scale on the quiz's grid according to % correct below.
Carrie
Chinese Democracy
Civil War
Come As You Are
Don't Cry
Dream On
Dust N'Bones
Get In The Ring
It's So Easy
Knockin' On Heaven's Door
Live And Let Die
Livin' On A Prayer
Mr. Brownstone
My Michelle
Nightrain
No One Like You
November Rain
Paradise City
Patience
Rock You Like A Hurricane
Runnin' With The Devil
Shotgun Blues
Since I Don't Have You
Still Loving You
Sweet Child O'Mine
The Final Countdown
Welcome To The Jungle
Yesterdays
You Could Be Mine
You Give Love A Bad Name
 
Estadísticas de respuestas
Respuesta % Correcto
Don't Cry
91%
Knockin' On Heaven's Door
89%
Paradise City
85%
November Rain
83%
Welcome To The Jungle
83%
Sweet Child O'Mine
80%
Civil War
74%
Live And Let Die
70%
You Could Be Mine
70%
Patience
67%
Chinese Democracy
65%
Mr. Brownstone
59%
My Michelle
59%
It's So Easy
57%
Nightrain
57%
Dust N'Bones
52%
Since I Don't Have You
48%
Yesterdays
39%
Get In The Ring
28%
Shotgun Blues
26%
No se encontraron pruebas coincidentes
Distribución de puntuación
Porcentaje de gente con cada puntuación
Porcentaje por número respondido
Historial de tus puntuaciones
No has intentado esta prueba.